000 00525nam a2200169 i 4500
001 80304
003 ES-MaACL
005 20230906174202.0
007 t|
008 041027s1960 ag ||||1| spa d
100 1 _aHobart, Alice Tisdale.
_963852
245 1 0 _aEsta tierra es mía /
_cAlice Tiesdale Hobart ; [traducción de José Vidal Cadellans].
260 _aBuenos Aires :
_bPlaza y Janés,
_c[1960]
300 _a429 p. ;
_c24 cm.
700 1 _aVidal Cadellans, José.
_9114471
852 _aES-MaACL
_jC-18698
_bR.46467
999 _c80304
_d80304